| 000 | 00732nam a22002537a 4500 | ||
|---|---|---|---|
| 001 | BR9507510 | ||
| 003 | BR-BrBNA | ||
| 005 | 20240301151952.0 | ||
| 007 | ta | ||
| 008 | 230509b bl.||||| |||| 00| 0 por d | ||
| 040 |
_aBR-BrBNA _bpor _cBiblioteca Nacional de Agricultura |
||
| 041 | _a(Por) | ||
| 072 | _aA50; P01; U40 | ||
| 090 |
_aA50 _bBR9507510 |
||
| 110 | 1 |
_aNucleo de Monitoramento Ambiental e de Recursos Naturais por Satelite, Campinas, SP (Brasil) _97675 |
|
| 245 | 1 | _aRelatorio tecnico anual, 1991 | |
| 260 | 3 |
_aCampinas, SP (Brasil): _c1992. |
|
| 300 | _a37 p. | ||
| 650 | _aPesquisa Agricola | ||
| 650 | _aProjeto de Pesquisa | ||
| 650 | _aMeio Ambiente | ||
| 650 | _aSensoriamento Remoto | ||
| 942 |
_cBK _2AGRIS |
||
| 999 |
_c52237 _d52237 |
||